English syntax and argumentation (Record no. 396439)

MARC details
000 -LEADER
fixed length control field 00489 a2200193 4500
005 - DATE & TIME
control field 20260423141723.0
008 - FIXED-LENGTH DATA ELEMENTS--GENERAL INFORMATION
fixed length control field 260423b |||||||| |||| 00| 0 eng d
020 ## - ISBN
International Standard Book Number 9781350355361
Price £ 29.99
040 ## - CATALOGING SOURCE
Original cataloging agency VIVEKANANDA LIBRARY
082 ## - DDC NUMBER
Classification number 425
Book Number A76E(6)
100 ## - MAIN ENTRY--PERSONAL NAME
Personal name Aarts, Bas
245 ## - TITLE STATEMENT
Title English syntax and argumentation
250 ## - EDITION STATEMENT
Edition statement 6th
260 ## - PUBLICATION, DISTRIBUTION, ETC. (IMPRINT)
Name of publisher, distributor, etc Bloomberry Academic
Place of publication, distribution, etc New Delhi
Date of publication, distribution, etc 2024
300 ## - PHYSICAL DESCRIPTION
Pages viii, 391
650 ## - Subject
Subject English Language
650 ## - Subject
Subject English Grammar
942 ## - ADDED ENTRY ELEMENTS (KOHA)
Koha item type Books
Holdings
Withdrawn status Lost status Source of classification or shelving scheme Damaged status Not for loan Location (home branch) Sublocation or collection (holding branch) Shelving location Date acquired Koha issues (times borrowed) Koha full call number Accession No. Koha date last seen Koha item type
    Dewey Decimal Classification     VIVEKANANDA LIBRARY VIVEKANANDA LIBRARY Vivekananda Library 28/01/2026   425 A76E(6) 444784 28/01/2026 Books
© Designed and Maintained by Vivekananda Library, MDU Rohtak